Governance in India: (Record no. 199405)

MARC details
000 -LEADER
fixed length control field 00914 a2200217 4500
005 - DATE AND TIME OF LATEST TRANSACTION
control field 20240321112516.0
010 ## - LCCN (DPL NO)
LC control number B-756853-862 ENG-139846
020 ## - INTERNATIONAL STANDARD BOOK NUMBER
International Standard Book Number 9789390491728
Terms of availability 595.00
035 ## - SYSTEM CONTROL NUMBER
System control number B-756853-862
035 ## - SYSTEM CONTROL NUMBER
System control number EN-123378
037 ## - SOURCE OF ACQUISITION
Source of stock number/acquisition Pragati Publication
082 ## - DEWEY DECIMAL CLASSIFICATION NUMBER
Classification number 320.954
100 ## - MAIN ENTRY--PERSONAL NAME
Personal name Laxmikanth, M
245 ## - TITLE STATEMENT
Title Governance in India:
Statement of responsibility, etc M Laxmikanth
Remainder of title For Civil Services Preliminary (GS-I) and Main (GS0-II) Examinations/
250 ## - EDITION STATEMENT
Edition statement Third Edition
260 ## - PUBLICATION, DISTRIBUTION, ETC. (IMPRINT)
Place of publication, distribution, etc Tamill Nadu
Name of publisher, distributor, etc McGraw Hill Education Private Limited
Date of publication, distribution, etc 2021
270 ## - ADDRESS
Address 444/1, Sri Ekambara Naicker Industrial Estate, Alapakkam, Porur
City Chennai
Postal code 600116
300 ## - PHYSICAL DESCRIPTION
Extent 448p.
Dimensions 24cm (pbk)
942 ## - ADDED ENTRY ELEMENTS (KOHA)
Institution code [OBSOLETE] dpl
Item type English Books
Source of classification or shelving scheme Dewey Decimal Classification
Classification part 320.954
Call number suffix LAX
Holdings
Withdrawn status Lost status Not for loan Collection code Home library Current library Date acquired Source of acquisition Cost, normal purchase price Full call number Barcode Copy number Cost, replacement price Koha item type
      Non-fiction Ashok Vihar Ashok Vihar 20/12/2023 Pragati Publications/12/29.11.23/46/23.11.23/7.12.23 595.00 320.954 LAX B-756856 4 595.00 English Books
      Non-fiction Bawana Bawana 21/03/2024 DBAD 595.00 320.954 LAX EN-123378 1 595.00 English Books
      Non-fiction Central Library Central Library 20/12/2023 Pragati Publications/12/29.11.23/46/23.11.23/7.12.23 595.00 320.954 LAX B-756853 1 595.00 English Books
      Non-fiction Diz Area Diz Area 20/12/2023 Pragati Publications/12/29.11.23/46/23.11.23/7.12.23 595.00 320.954 LAX B-756858 6 595.00 English Books
      Non-fiction Mobile Library Mobile Library 20/12/2023 Pragati Publications/12/29.11.23/46/23.11.23/7.12.23 595.00 320.954 LAX B-756854 2 595.00 English Books
      Non-fiction Mobile Library Mobile Library 20/12/2023 Pragati Publications/12/29.11.23/46/23.11.23/7.12.23 595.00 320.954 LAX B-756855 3 595.00 English Books
      Non-fiction Peshwa Road Peshwa Road 20/12/2023 Pragati Publications/12/29.11.23/46/23.11.23/7.12.23 595.00 320.954 LAX B-756857 5 595.00 English Books
      Non-fiction R.K.Puram-8 R.K.Puram-8 20/12/2023 Pragati Publications/12/29.11.23/46/23.11.23/7.12.23 595.00 320.954 LAX B-756860 8 595.00 English Books
      Non-fiction Sarojini Nagar Sarojini Nagar 20/12/2023 Pragati Publications/12/29.11.23/46/23.11.23/7.12.23 595.00 320.954 LAX B-756859 7 595.00 English Books
      Non-fiction Shahdara Branch Shahdara Branch 20/12/2023 Pragati Publications/12/29.11.23/46/23.11.23/7.12.23 595.00 320.954 LAX B-756862 10 595.00 English Books
      Non-fiction Vinoba Puri Vinoba Puri 20/12/2023 Pragati Publications/12/29.11.23/46/23.11.23/7.12.23 595.00 320.954 LAX B-756861 9 595.00 English Books

© Delhi Public Library
Hit Counter
free hit counter